[Event "9. Miedzynardowy Turniej Klubu Polonia Wroclaw<br/>Turniej OPEN"]
[Site "Wroclaw"]
[Date "2014-07-05"]
[Round "2.24"]
[White "Musiala, Jakub"]
[Black "Paczka, Patryk"]
[Result "0-1"]
[WhiteTitle "II"]
[BlackTitle "II+"]
[WhiteElo "1394"]
[BlackElo "1815"]

1. e4 c5 2. Nc3 Nc6 3. Bb5 g6 4. Bxc6 dxc6 5. f4 Bg7 6. d3 Nh6 7. Nf3 O-O 8. O-O
b6 9. Qe1 e6 10. h3 Ba6 11. g4 f5 12. g5 Nf7 13. e5 c4 14. d4 Qc7 15. Be3 Rfd8
16. Rd1 Bf8 17. Qf2 Rd7 18. Kh2 Bb7 19. Rd2 b5 20. Rdd1 Qa5 21. a3 b4 22. axb4
Bxb4 23. Ne2 Qd5 24. c3 Bf8 25. Rd2 a5 26. Ng3 a4 27. h4 h5 28. Ne2 Ra6 29. Kg3
Ba8 30. Rh1 Rda7 31. Rh2 a3 32. bxa3 Rxa3 33. Rc2 Nd8 34. Nc1 Nb7 35. Ne1 Na5
36. Qf3 Nb3 37. Qxd5 cxd5 38. Nf3 Bc6 39. Na2 Kf7 40. Rhg2 Ke8 41. Kh2 Kd7 42.
Kg1 Ba4 43. Rcf2 Na1 44. Ne1 Bb3 45. Nc1 Be7 46. Ne2 Nc2 47. Nxc2 Bxc2 48. Bc1
Ra1 49. Kh2 Be4 50. Rg3 R7a2 51. Kg1 Ba3 52. Rf1 Rxe2 53. Bxa3 Rxa3 54. Rc1 Raa2
55. Rd1 Rg2+ 56. Rxg2 Rxg2+ 57. Kf1 Rh2 58. Ke1 Rxh4 59. Kd2 Rh2+ 60. Ke3 Ra2
61. Rg1 Ra3 62. Rc1 Kc6 63. Kd2 Kb5 64. Ke3 Ka4 65. Ke2 Kb3 66. Kd2 Ra2+ 67. Ke3
Kb2 68. Re1 Kxc3 69. Rc1+ Bc2 70. Re1 Kb2 71. Re2 Ra3+ 72. Kf2 Rd3 73. Ke1 Rd1+
74. Kf2 Rxd4 75. Ke3 Re4+ 0-1

[Event "9. Miedzynardowy Turniej Klubu Polonia Wroclaw<br/>Turniej OPEN"]
[Site "Wroclaw"]
[Date "2014-07-05"]
[Round "2.25"]
[White "Wasylkiewicz, Andrzej"]
[Black "Ilnicki, Tomasz"]
[Result "1-0"]
[WhiteTitle "I"]
[BlackTitle "II"]
[WhiteElo "1785"]
[BlackElo "1449"]

1. e4 c5 2. Nc3 Nc6 3. g3 g6 4. Bg2 Bg7 5. d3 d6 6. Nge2 f5 7. Be3 Nf6 8. f3 a6
9. Qd2 Bd7 10. Bh6 O-O 11. h4 Nh5 12. Bxg7 Kxg7 13. exf5 Ne5 14. g4 Nf6 15. fxg6
hxg6 16. O-O-O Bc6 17. Ng1 Qd7 18. Ne4 Nxe4 19. dxe4 Rf7 20. Rf1 Raf8 21. h5 Qe6
22. Kb1 Bxe4 23. Nh3 Qd5 24. Qg5 Nxf3 25. Bxf3 Rxf3 26. Rxf3 Rxf3 27. Qxe7+ Qf7
28. h6+ Kh8 29. Qxf7 Rxf7 30. Re1 Re7 31. Kc1 Re5 32. Nf2 Bf3 33. Rxe5 dxe5 34.
g5 c4 35. Kd2 b5 36. c3 a5 37. a3 Kg8 38. Ke3 Bc6 39. Ng4 Be8 40. Nf6+ Kf7 1-0

[Event "9. Miedzynardowy Turniej Klubu Polonia Wroclaw<br/>Turniej OPEN"]
[Site "Wroclaw"]
[Date "2014-07-05"]
[Round "2.26"]
[White "Szotkowski, David"]
[Black "Drozd, Lukasz"]
[Result "0-1"]
[WhiteTitle "III"]
[BlackTitle "I"]
[WhiteElo "1369"]
[BlackElo "1761"]

1. e4 c6 2. d4 d5 3. e5 Bf5 4. Nf3 e6 5. Bg5 Be7 6. Bxe7 Nxe7 7. Bd3 Nd7 8. O-O
O-O 9. c3 c5 10. Bc2 Rc8 11. Nbd2 Qb6 12. Nb3 cxd4 13. Bxf5 Nxf5 14. cxd4 Rc4
15. Rc1 Rfc8 16. Rxc4 dxc4 17. Qc2 Rc6 18. Nc1 Nxd4 19. Nxd4 Qxd4 20. Rd1 Qxe5
21. g3 Rc7 22. Qd2 g6 23. Ne2 Kg7 24. Nf4 Nf6 25. Re1 c3 26. bxc3 Qxc3 27. Qe2
Rd7 28. Rd1 Rxd1+ 29. Qxd1 b5 30. Kg2 a5 31. Qd6 Qe1 32. Qc5 Qe4+ 33. f3 Qc4 34.
Qxc4 bxc4 35. Kf2 Nd5 36. Ne2 Kf6 37. Nd4 a4 38. Ke2 Nc3+ 39. Kd2 Nxa2 40. Nc6
e5 41. Kc2 Ke6 42. Kb2 Kd6 43. Na5 Nb4 44. Nxc4+ Kd5 45. Kc3 Na2+ 46. Kd3 Nc1+
47. Kc3 Ne2+ 48. Kd3 Nc1+ 49. Kc3 e4 50. fxe4+ Kxe4 51. Nd6+ Kf3 52. Nxf7 Kg2
53. Ng5 h5 54. Ne6 Ne2+ 55. Kb4 Kxh2 56. Nf8 g5 57. Nh7 g4 58. Nf6 Kxg3 59. Nxh5+
Kh4 60. Nf6 g3 61. Ne4 g2 62. Nd2 Nd4 0-1

[Event "9. Miedzynardowy Turniej Klubu Polonia Wroclaw<br/>Turniej OPEN"]
[Site "Wroclaw"]
[Date "2014-07-05"]
[Round "2.27"]
[White "Jagiela, Piotr"]
[Black "Molenda, Mikolaj"]
[Result "1-0"]
[WhiteTitle "I+"]
[BlackTitle "II"]
[WhiteElo "1750"]
[BlackElo "1410"]

1. f4 Nf6 2. Nf3 d5 3. g3 Nc6 4. Bg2 Bf5 5. d3 e6 6. Nh4 Bg6 7. h3 Bd6 8. O-O Qe7
9. Nxg6 hxg6 10. e4 dxe4 11. dxe4 O-O-O 12. Qe1 e5 13. c3 Nh5 14. f5 gxf5 15.
Rxf5 g6 16. Rf1 Rdf8 17. h4 Kb8 18. Bh3 Ng7 19. Be3 f5 20. Bg5 Bc5+ 21. Kh2 Qd6
22. Nd2 f4 23. g4 Ne6 24. Nf3 Nxg5 25. Nxg5 Qf6 26. Nf3 Be7 27. g5 Qf7 28. b3
Rd8 29. Rd1 Rxd1 30. Qxd1 Rd8 31. Qe2 a6 32. Rd1 Qe8 33. Rd5 Ka8 34. Bg4 Bd6 35.
Kg2 Nb8 36. Qd1 Nc6 37. b4 b5 38. Rd2 Rb8 39. Qb3 Ne7 40. Qe6 Qc6 41. Nxe5 Qxe4+
42. Bf3 Nf5 43. Bxe4+ 1-0

[Event "9. Miedzynardowy Turniej Klubu Polonia Wroclaw<br/>Turniej OPEN"]
[Site "Wroclaw"]
[Date "2014-07-05"]
[Round "2.28"]
[White "Kucharska, Honorata"]
[Black "Urban, Damian"]
[Result "1-0"]
[WhiteTitle "I+"]
[BlackTitle "II"]
[WhiteElo "1718"]
[BlackElo "1381"]

1. d4 e6 2. Nf3 f5 3. e3 d5 4. Bd3 Nf6 5. O-O c6 6. b3 Bd6 7. Bb2 O-O 8. Ne5 Nbd7
9. f4 Ne4 10. Nd2 Ndf6 11. c4 Qe8 12. c5 Bxe5 13. fxe5 Ng4 14. Qe1 Qh5 15. h3
Nh6 16. Bxe4 dxe4 17. Nc4 Kh8 18. Nd6 g5 19. Qg3 Rg8 20. Rf2 g4 21. h4 Rf8 22.
Nxe4 Ng8 23. Nf6 Qh6 24. Raf1 Ne7 25. h5 b6 26. cxb6 axb6 27. a4 Nd5 28. Nxd5
cxd5 29. Qh4 Qxe3 30. Qe7 Ba6 31. Bc1 Qxd4 32. h6 Qxe5 33. Bb2 d4 34. Rd1 Rfd8
35. Rxf5 Qe3+ 36. Rf2 Qxh6 37. Rxd4 Rxd4 38. Bxd4+ Kg8 39. Qf7# 1-0

[Event "9. Miedzynardowy Turniej Klubu Polonia Wroclaw<br/>Turniej OPEN"]
[Site "Wroclaw"]
[Date "2014-07-05"]
[Round "2.29"]
[White "Dadello, Barbara"]
[Black "Knap, Jerzy"]
[Result "0-1"]
[WhiteTitle "II+"]
[BlackTitle "I"]
[WhiteElo "1172"]
[BlackElo "1709"]

1. e4 e6 2. d4 d5 3. Nd2 dxe4 4. Nxe4 Nd7 5. Nf3 Ngf6 6. Bd3 Be7 7. Bf4 b6 8. Qe2
Bb7 9. O-O-O Nd5 10. Bg3 Nb4 11. Kb1 Nxd3 12. Qxd3 Nf6 13. Nxf6+ Bxf6 14. c3 O-O
15. Rhe1 c5 16. dxc5 Qxd3+ 17. Rxd3 bxc5 18. Ka1 Rfd8 19. Red1 c4 20. Rxd8+ Rxd8
21. Rxd8+ Bxd8 22. Kb1 Kf8 23. Kc2 f6 24. Bd6+ Be7 25. Bxe7+ Kxe7 26. Kd2 Bd5
27. Ke3 Kd6 28. g3 e5 29. Nd2 f5 30. b3 cxb3 31. axb3 Bf7 32. Nc4+ Bxc4 33. bxc4
Kc5 34. Kd3 a5 35. f3 a4 36. h3 a3 37. Kc2 Kxc4 38. h4 h5 39. f4 e4 40. g4 hxg4
41. h5 g3 42. h6 gxh6 43. Kc1 Kxc3 44. Kb1 g2 45. Ka2 g1=Q 46. Kxa3 Qa1# 0-1

[Event "9. Miedzynardowy Turniej Klubu Polonia Wroclaw<br/>Turniej OPEN"]
[Site "Wroclaw"]
[Date "2014-07-05"]
[Round "2.31"]
[White "Stelmaszuk, Maciej"]
[Black "Molenda, Maja"]
[Result "1-0"]
[WhiteTitle "II+"]
[BlackTitle "II"]
[WhiteElo "1625"]
[BlackElo "1114"]

1. Nf3 d5 2. c4 dxc4 3. e3 e6 4. Bxc4 Nf6 5. O-O c5 6. Nc3 a6 7. a4 Nc6 8. d4 cxd4
9. exd4 Qb6 10. Re1 Na5 11. Ba2 Bb4 12. Bg5 Qd8 13. Rc1 O-O 14. Qd3 h6 15. Bh4
Bd7 16. Bb1 g6 17. Ne5 Bxc3 18. Bxf6 Qxf6 19. Qxc3 Qg5 20. Nxd7 Rfc8 21. Qe3 Rxc1
22. Rxc1 Qxe3 23. fxe3 Nb3 24. Rc7 b5 25. Nb6 Rd8 26. axb5 axb5 27. Rc8 Rxc8 28.
Nxc8 f5 29. Ba2 Nc1 30. Bxe6+ Kg7 31. Nd6 b4 32. Bc4 Kf6 33. Kf2 b3 34. Ne8+ Ke7
35. Nc7 Na2 36. Bxb3 Nb4 37. Nd5+ Nxd5 38. Bxd5 Kd6 39. Bf7 g5 40. Kf3 Ke7 41.
Bg6 Kf6 42. Bh7 h5 43. b4 g4+ 44. Kf4 h4 45. b5 Kg7 46. b6 Kxh7 47. Kxf5 g3 48.
hxg3 hxg3 49. b7 Kh6 50. b8=Q Kh5 51. Qh8# 1-0

[Event "9. Miedzynardowy Turniej Klubu Polonia Wroclaw<br/>Turniej OPEN"]
[Site "Wroclaw"]
[Date "2014-07-05"]
[Round "3.1"]
[White "Piotrowski, Przemyslaw"]
[Black "Grabarczyk, Miroslaw"]
[Result "1/2-1/2"]
[WhiteTitle "k"]
[BlackTitle "GM"]
[WhiteElo "2132"]
[BlackElo "2469"]

1. e4 e5 2. Nf3 Nc6 3. d4 exd4 4. Nxd4 Nf6 5. Nxc6 bxc6 6. e5 Qe7 7. Qe2 Nd5 8.
c4 Ba6 9. b3 Nb6 10. Bb2 Qe6 11. Nc3 Bb4 12. O-O-O O-O 13. Ne4 d5 1/2-1/2

[Event "9. Miedzynardowy Turniej Klubu Polonia Wroclaw<br/>Turniej OPEN"]
[Site "Wroclaw"]
[Date "2014-07-05"]
[Round "3.2"]
[White "Kowalczyk, Rafal"]
[Black "Szczepaniak, Lukasz"]
[Result "1-0"]
[WhiteTitle "k"]
[BlackTitle "I+"]
[WhiteElo "2200"]
[BlackElo "2055"]

1. e4 e5 2. Nf3 Nc6 3. Bc4 Bc5 4. c3 Nf6 5. d3 a6 6. Nbd2 d6 7. Bb3 Ba7 8. Nf1
Ne7 9. h3 Ng6 10. g4 c6 11. Ng3 Be6 12. Nf5 O-O 13. Bg5 d5 14. Qe2 h6 15. Bd2
dxe4 16. dxe4 Bxb3 17. axb3 Qb6 18. b4 Nf4 19. Bxf4 exf4 20. O-O Qc7 21. Qc4 Rfe8
22. e5 Nd7 23. Qxf4 Nxe5 24. Kg2 Bb6 25. Nxe5 Qxe5 26. Qxe5 Rxe5 27. Rfe1 Rae8
28. Rxe5 Rxe5 29. Kf3 g6 30. Nd6 Re7 31. Nc8 Bd8 32. Nxe7+ Bxe7 33. Rd1 Kf8 34.
Rd7 b6 35. Ra7 c5 36. Rxa6 cxb4 37. Rxb6 bxc3 38. bxc3 1-0

[Event "9. Miedzynardowy Turniej Klubu Polonia Wroclaw<br/>Turniej OPEN"]
[Site "Wroclaw"]
[Date "2014-07-05"]
[Round "3.3"]
[White "Kolasinski, Krzysztof"]
[Black "Kubien, Jerzy"]
[Result "1/2-1/2"]
[WhiteTitle "I++"]
[BlackTitle "FM"]
[WhiteElo "1991"]
[BlackElo "2185"]

1. d4 d5 2. c4 Bf5 3. cxd5 Bxb1 4. Qa4+ Qd7 5. Qxd7+ Nxd7 6. Rxb1 Ngf6 7. Bd2 Nb6
8. Nf3 Nbxd5 9. e3 e6 10. Bd3 Bb4 11. a3 Bxd2+ 12. Kxd2 O-O 13. Rbc1 c6 14. e4
Nf4 15. g3 Nxd3 16. Kxd3 Rfd8 17. Ke3 Ng4+ 18. Ke2 Nf6 19. Ke3 Ng4+ 20. Ke2 Nf6
21. Ke3 Ng4+ 1/2-1/2

[Event "9. Miedzynardowy Turniej Klubu Polonia Wroclaw<br/>Turniej OPEN"]
[Site "Wroclaw"]
[Date "2014-07-05"]
[Round "3.4"]
[White "Koszkul, Wojciech"]
[Black "Grossmann, Ryszard"]
[Result "1-0"]
[WhiteTitle "I+"]
[BlackTitle "FM"]
[WhiteElo "1987"]
[BlackElo "2150"]

1. d4 c5 2. e3 cxd4 3. exd4 d5 4. Nf3 Nf6 5. Bd3 Bg4 6. c3 Nbd7 7. Bf4 e6 8. Nbd2
a6 9. O-O Be7 10. Qb3 Qc8 11. Rfe1 O-O 12. h3 Bh5 13. Rac1 b6 14. a4 Qb7 15. Nh4
Bg6 16. Nxg6 hxg6 17. Re2 Rfe8 18. Rce1 Nf8 19. Nf3 N6d7 20. c4 dxc4 21. Bxc4
Nf6 22. Rc1 Rac8 23. Ree1 Red8 24. Qd3 Nd5 25. Bd2 Ra8 26. Ne5 Bf6 27. Qf3 b5
28. axb5 axb5 29. Bb3 Qb6 30. Bg5 Bxg5 31. Qxf7+ Kh7 32. Bxd5 exd5 33. Rc7 Qf6
34. Nf3 Kh6 35. Ne5 Qxf7 36. Nxf7+ Kh5 37. Re5 Nh7 38. Nxd8 Rxd8 39. f4 Kh6 40.
fxg5+ Nxg5 41. Rc5 Ra8 42. Rcxd5 Nf7 43. Re7 Nd8 44. Rxb5 Nc6 45. Rd7 Ra1+ 46.
Kf2 Rd1 47. Rc7 Nxd4 48. Rd5 Ne6 49. Rxd1 Nd8 50. Rxd8 1-0

[Event "9. Miedzynardowy Turniej Klubu Polonia Wroclaw<br/>Turniej OPEN"]
[Site "Wroclaw"]
[Date "2014-07-05"]
[Round "3.5"]
[White "Weichhold, Pawel"]
[Black "Logallo, Claudio"]
[Result "1-0"]
[WhiteTitle "m"]
[BlackTitle ""]
[WhiteElo "2402"]
[BlackElo "2074"]

1. e4 c5 2. Nf3 d6 3. d4 cxd4 4. Nxd4 Nf6 5. Nc3 a6 6. Be3 e5 7. Nb3 Be7 8. h3
Qc7 9. g4 h6 10. Qf3 Be6 11. O-O-O Nbd7 12. Kb1 b5 13. Nd5 Bxd5 14. exd5 Bd8 15.
h4 g6 16. g5 Nh5 17. gxh6 Qb8 18. Bh3 Ndf6 19. Rhg1 a5 20. Nd2 a4 21. Ne4 a3 22.
Nxf6+ Nxf6 23. b3 Qc7 24. Bc1 Qc5 25. Qd3 Be7 26. Be3 Qb4 27. Rh1 Qa5 28. f4 e4
29. Qd4 Rxh6 30. f5 Rh5 31. Bg5 Qd8 32. fxg6 fxg6 33. Rhf1 1-0

[Event "9. Miedzynardowy Turniej Klubu Polonia Wroclaw<br/>Turniej OPEN"]
[Site "Wroclaw"]
[Date "2014-07-05"]
[Round "3.6"]
[White "Zeberski, Jakub"]
[Black "White, John"]
[Result "1-0"]
[WhiteTitle "IM"]
[BlackTitle "II+"]
[WhiteElo "2348"]
[BlackElo "1973"]

1. e4 e5 2. Nf3 Nc6 3. Bb5 Nf6 4. Nc3 Bb4 5. O-O O-O 6. d3 d6 7. Bg5 Bxc3 8. bxc3
Ne7 9. Nh4 Ng6 10. Nxg6 hxg6 11. f4 c6 12. Ba4 Qb6+ 13. Kh1 Ng4 14. Qf3 Qc7 15.
Bb3 a5 16. a4 Nh6 17. fxe5 Be6 18. Bxh6 gxh6 19. Qf4 dxe5 20. Qxh6 Bxb3 21. cxb3
f6 22. Qxg6+ Qg7 23. Qf5 Rad8 24. Rf3 Qd7 25. Rg3+ Kf7 26. Qg6+ Ke6 27. Rf1 Qf7
28. Qf5+ Ke7 29. d4 Qe6 30. Rg7+ Kd6 31. Rxb7 Qxf5 32. Rxf5 exd4 33. cxd4 Ke6
34. d5+ cxd5 35. Rb6+ Ke7 36. exd5 Rc8 37. Rc6 Rb8 38. Re6+ Kd7 39. Rf3 Rb4 40.
h3 f5 41. Ra6 Rfb8 42. Rxf5 Rxb3 43. Rf7+ Ke8 44. Rh7 1-0

[Event "9. Miedzynardowy Turniej Klubu Polonia Wroclaw<br/>Turniej OPEN"]
[Site "Wroclaw"]
[Date "2014-07-05"]
[Round "3.7"]
[White "Kanicki, Krzysztof"]
[Black "Banasik, Krzysztof"]
[Result "1-0"]
[WhiteTitle "I"]
[BlackTitle "k"]
[WhiteElo "2028"]
[BlackElo "2292"]

1. d4 Nf6 2. Nf3 g6 3. Bg5 Bg7 4. Nbd2 d5 5. e3 O-O 6. c3 c5 7. Be2 Qb6 8. Qb3
c4 9. Qxb6 axb6 10. Ne5 Nc6 11. f4 Re8 12. O-O b5 13. a3 Nd7 14. Nxd7 Bxd7 15.
Bf3 Be6 16. Rae1 Kf8 17. Kh1 Rad8 18. g4 Kg8 19. Kg2 Rd7 20. h3 f6 21. Bh4 Bf7
22. f5 e5 23. fxe6 Bxe6 24. e4 Rf8 25. exd5 Bxd5 26. Bxd5+ Rxd5 27. Ne4 f5 28.
gxf5 Rfxf5 29. Rxf5 gxf5 30. Ng5 Bf6 31. Re8+ Kg7 32. Ne6+ Kf7 33. Rf8+ Kxe6 34.
Rxf6+ Kd7 35. Rf7+ Kc8 36. Rxh7 Na5 37. Bg3 Nb3 38. Rc7+ Kd8 39. Rxb7 Nc1 40.
Be5 Nd3 41. Kf3 Nxb2 42. h4 Nd3 43. h5 Nxe5+ 44. dxe5 Rd3+ 45. Kf4 Rh3 46. Kxf5
Rxh5+ 47. Ke6 Rh3 48. Rxb5 Rxc3 49. a4 Kc7 50. Ke7 Kc6 51. Rb8 Rh3 52. e6 Rh7+
53. Kf6 Rh6+ 54. Kf7 Rh7+ 55. Kg6 Rc7 56. Kf6 Kd5 1-0

[Event "9. Miedzynardowy Turniej Klubu Polonia Wroclaw<br/>Turniej OPEN"]
[Site "Wroclaw"]
[Date "2014-07-05"]
[Round "3.8"]
[White "Puszczewicz, Krzysztof"]
[Black "Dobrowolski, Aleksander"]
[Result "0-1"]
[WhiteTitle "k"]
[BlackTitle "m"]
[WhiteElo "2026"]
[BlackElo "2281"]

1. c4 Nf6 2. Nc3 g6 3. Nf3 Bg7 4. g3 O-O 5. Bg2 d5 6. cxd5 Nxd5 7. O-O c5 8. d4
cxd4 9. Nxd4 Nxc3 10. bxc3 Qa5 11. Qb3 Nd7 12. Ba3 Nc5 13. Qb4 Qxb4 14. Bxb4 Na4
15. Nb5 Bg4 16. Nc7 Rab8 17. Nd5 Bxe2 18. Rfe1 Bc4 19. Rxe7 Rfd8 20. Ne3 Be6 21.
Rxb7 Rxb7 22. Bxb7 Nxc3 23. Bxc3 Bxc3 24. Rc1 Bf6 25. Rc2 a5 26. Rc5 a4 27. Nd5
Bb2 28. Kf1 Kf8 29. Ke2 Rb8 30. Bc6 Rc8 31. Nf4 Bxa2 32. Rc2 a3 0-1

[Event "9. Miedzynardowy Turniej Klubu Polonia Wroclaw<br/>Turniej OPEN"]
[Site "Wroclaw"]
[Date "2014-07-05"]
[Round "3.9"]
[White "Reza, Wojciech"]
[Black "Grela, Kacper"]
[Result "1/2-1/2"]
[WhiteTitle "I++"]
[BlackTitle "I+"]
[WhiteElo "2168"]
[BlackElo "2007"]

1. d4 Nf6 2. Nf3 g6 3. Bf4 Bg7 4. e3 O-O 5. Bd3 d6 6. Nbd2 Nbd7 7. e4 c5 8. c3
cxd4 9. cxd4 Nh5 10. Be3 e5 11. O-O Nf4 12. Nc4 Nxd3 13. Qxd3 exd4 14. Bxd4 Ne5
15. Bxe5 dxe5 16. Qxd8 Rxd8 17. Rfd1 Be6 1/2-1/2

[Event "9. Miedzynardowy Turniej Klubu Polonia Wroclaw<br/>Turniej OPEN"]
[Site "Wroclaw"]
[Date "2014-07-05"]
[Round "3.10"]
[White "Starczewska, Dominika"]
[Black "Khamidov, Komil"]
[Result "0-1"]
[WhiteTitle "k"]
[BlackTitle "I++"]
[WhiteElo "1981"]
[BlackElo "2098"]

1. e4 e5 2. Bc4 Nc6 3. Nc3 Nf6 4. d3 Na5 5. Bb3 Nxb3 6. axb3 d5 7. exd5 Nxd5 8.
Qf3 Be6 9. Nge2 Nb4 10. O-O Nxc2 11. Ra5 c6 12. Rxe5 Bd6 13. Rxe6+ fxe6 14. Qh5+
g6 15. Qg4 Qd7 16. Bg5 O-O 17. Ne4 Be7 18. Nf4 Rf5 19. Bh6 Kh8 20. Ng5 Nd4 21.
Re1 Bxg5 22. Bxg5 Re8 23. Qh4 Qg7 24. Re4 e5 25. Nh3 Qf7 26. f4 Nxb3 27. g4 Nd2
28. Kg2 Nxe4 29. dxe4 Rxf4 30. Nxf4 exf4 31. Bf6+ Kg8 32. e5 Qd5+ 33. Kg1 Qd1+
34. Kf2 Qd2+ 0-1

[Event "9. Miedzynardowy Turniej Klubu Polonia Wroclaw<br/>Turniej OPEN"]
[Site "Wroclaw"]
[Date "2014-07-05"]
[Round "3.11"]
[White "Dadello, Aleksandra"]
[Black "Wozniak, Mariola"]
[Result "1/2-1/2"]
[WhiteTitle "I++"]
[BlackTitle "WCM"]
[WhiteElo "1880"]
[BlackElo "2092"]

1. e4 c5 2. Nf3 d6 3. d4 cxd4 4. Nxd4 Nf6 5. Nc3 a6 6. f3 e6 7. Be3 b5 8. Qd2 Nbd7
9. g4 Nb6 10. O-O-O Bb7 11. g5 Nfd7 12. h4 Rc8 13. Bd3 Ne5 14. Kb1 d5 15. exd5
Bb4 16. dxe6 Bxc3 17. exf7+ Kxf7 18. bxc3 Na4 19. g6+ hxg6 20. Ne2 Nxf3 21. Rhf1
Kg8 22. Bc4+ Kh7 23. Qxd8 Rhxd8 24. Rxd8 Rxd8 25. Bd3 Re8 26. Bc1 Rxe2 27. Bxe2
Nxc3+ 28. Kb2 Nxe2 29. Bg5 Nxg5 30. hxg5 Bd5 31. Rd1 Bc4 32. Rd6 Ng3 33. Rxa6
Ne4 34. Rc6 Nxg5 35. a4 Ne4 36. a5 g5 37. a6 Bd5 38. Rb6 g4 39. Rxb5 Bc6 40. Rb6
Ba8 41. Rb8 g3 42. Rxa8 g2 43. a7 g1=Q 44. Rh8+ Kxh8 45. a8=Q+ Kh7 46. Qxe4+ 1/2-1/2

[Event "9. Miedzynardowy Turniej Klubu Polonia Wroclaw<br/>Turniej OPEN"]
[Site "Wroclaw"]
[Date "2014-07-05"]
[Round "3.12"]
[White "Oszczanowski, Witold"]
[Black "Teclaf, Pawel"]
[Result "1/2-1/2"]
[WhiteTitle "I++"]
[BlackTitle "CM"]
[WhiteElo "2086"]
[BlackElo "1920"]

1. d4 d5 2. Nf3 Nf6 3. Bf4 c5 4. e3 Nc6 5. c3 e6 6. Nbd2 cxd4 7. exd4 Bd6 8. Bg3
Ne4 9. Nxe4 dxe4 10. Nd2 Bxg3 11. hxg3 e5 12. dxe5 e3 13. Nc4 exf2+ 14. Kxf2 O-O
15. Bd3 g6 16. Qe2 b5 17. Nd2 Qb6+ 18. Kf1 Re8 19. Nf3 Bg4 20. Qf2 Bxf3 21. gxf3
Qxf2+ 22. Kxf2 Nxe5 23. Be2 Red8 24. Rad1 a6 25. f4 Nc4 26. b3 Nb6 27. Bf3 Rab8
28. Rhe1 Kf8 29. Ke3 h5 30. Rd4 Rbc8 31. Rxd8+ Rxd8 32. Rd1 Rxd1 33. Bxd1 Ke7
34. Kd4 Kd6 35. b4 Nc8 36. Bf3 Ne7 37. Bb7 Kc7 38. Be4 Kd6 39. c4 bxc4 40. Kxc4
f6 41. Bf3 Nf5 42. Kd3 Nxg3 43. Ke3 Nf5+ 44. Kf2 Nd4 45. Bb7 Nc2 46. a3 Nxa3 47.
Bxa6 Nc2 48. Bd3 Nxb4 1/2-1/2

[Event "9. Miedzynardowy Turniej Klubu Polonia Wroclaw<br/>Turniej OPEN"]
[Site "Wroclaw"]
[Date "2014-07-05"]
[Round "3.13"]
[White "Janocha, Wieslaw"]
[Black "Dmochowska, Agnieszka"]
[Result "1-0"]
[WhiteTitle "FM"]
[BlackTitle "WCM"]
[WhiteElo "2291"]
[BlackElo "1876"]

1. b3 d5 2. Bb2 Nf6 3. f4 Bf5 4. Nf3 h6 5. e3 e6 6. d3 Nbd7 7. Nbd2 Bc5 8. Qe2
O-O 9. h3 Bg6 10. g4 Bd6 11. Ne5 Qe7 12. h4 h5 13. Nxd7 Nxd7 14. gxh5 Bh7 15.
Qg4 f6 16. Rg1 Bf5 17. Qf3 Ba3 18. h6 Rf7 19. Bxa3 Qxa3 20. e4 Bh7 21. exd5 Qb2
22. Rb1 Qd4 23. Rxg7+ Rxg7 24. hxg7 exd5 25. Bh3 Nc5 26. Kf1 Re8 27. Re1 Rxe1+
28. Kxe1 Kxg7 29. b4 Na4 30. Qg4+ Kh6 31. Nf3 Qxb4+ 32. Kf2 Qc5+ 33. Kg3 Nc3 34.
Qe6 Qc6 35. Qe7 Qd6 36. Qxd6 cxd6 37. a3 Ne2+ 38. Kf2 Nxf4 39. Bc8 b6 40. Nd4
Bg6 41. Kf3 Nh5 42. Nb5 Ng7 43. Nxa7 Kh5 44. Kg3 Bf5 45. a4 d4 46. Kf4 Bg6 47.
Nb5 Kxh4 48. Nxd6 Nh5+ 49. Kf3 Ng7 50. Nc4 Be8 51. Nxb6 Kg5 52. Ke4 f5+ 53. Kxd4
Bc6 54. a5 f4 55. a6 f3 56. Ke3 1-0

[Event "9. Miedzynardowy Turniej Klubu Polonia Wroclaw<br/>Turniej OPEN"]
[Site "Wroclaw"]
[Date "2014-07-05"]
[Round "3.14"]
[White "Drozd, Lukasz"]
[Black "Djuric, Stefan"]
[Result "1/2-1/2"]
[WhiteTitle "I"]
[BlackTitle "GM"]
[WhiteElo "1761"]
[BlackElo "2393"]

1. f4 g6 2. Nf3 Bg7 3. Nc3 d5 4. e3 Nc6 5. d4 Bf5 6. a3 Nf6 7. Bd3 e6 8. Qe2 Ne4
9. Bxe4 dxe4 10. Nd2 Bxd4 11. Ndxe4 Bg7 12. Ng3 h5 13. Nxf5 exf5 14. Bd2 O-O 15.
O-O-O Re8 16. Qf3 Qf6 17. Kb1 Na5 18. Bc1 Nc4 19. Nd5 Qc6 20. Rd3 Re4 21. Qxe4
fxe4 22. Ne7+ Kh7 23. Nxc6 exd3 24. cxd3 Nxe3 25. Bxe3 bxc6 1/2-1/2

[Event "9. Miedzynardowy Turniej Klubu Polonia Wroclaw<br/>Turniej OPEN"]
[Site "Wroclaw"]
[Date "2014-07-05"]
[Round "3.15"]
[White "Guzewicz, Rafal"]
[Black "Jagiela, Piotr"]
[Result "1-0"]
[WhiteTitle "I+"]
[BlackTitle "I+"]
[WhiteElo "2076"]
[BlackElo "1750"]

1. d4 d6 2. Bf4 g6 3. e3 Bg7 4. Nf3 Nf6 5. h3 O-O 6. Be2 b6 7. O-O Bb7 8. Nbd2
Ne4 9. Nxe4 Bxe4 10. Bd3 Bxd3 11. Qxd3 Nd7 12. Rfd1 Qc8 13. c3 c5 14. e4 c4 15.
Qd2 Rd8 16. Re1 e5 17. Bg3 Qc7 18. Rad1 Nf8 19. b4 b5 20. Qc2 f6 21. Nh2 g5 22.
Ng4 Ng6 23. Ne3 Ne7 24. d5 Rf8 25. a4 a6 26. Ra1 Qd7 27. Ra3 f5 28. exf5 Rab8
29. axb5 axb5 30. Rea1 Nxf5 31. Ra7 Qc8 32. Qe4 Nxe3 33. Qxe3 Qf5 34. f3 h5 35.
R1a6 h4 36. Bf2 Rf6 37. Rxg7+ Kxg7 38. Qa7+ Kg6 39. Qxb8 Qb1+ 40. Kh2 Qc2 41.
Qg8+ Kh5 42. Qh8+ Rh6 43. Qe8+ Rg6 44. Rxd6 g4 45. hxg4+ Kg5 46. Qxg6+ Qxg6 47.
Rxg6+ Kxg6 48. Bxh4 Kf7 49. g5 Ke7 50. g6+ Kd6 51. g7 Kxd5 52. g8=Q+ Kd6 53. Qd8+
Kc6 54. Be7 e4 55. Qd6+ Kb7 56. Bd8 exf3 57. Qb6+ Ka8 58. Bc7 fxg2 59. Qb8# 1-0

[Event "9. Miedzynardowy Turniej Klubu Polonia Wroclaw<br/>Turniej OPEN"]
[Site "Wroclaw"]
[Date "2014-07-05"]
[Round "3.16"]
[White "Knap, Jerzy"]
[Black "Szybka, Andrzej"]
[Result "0-1"]
[WhiteTitle "I"]
[BlackTitle "I++"]
[WhiteElo "1709"]
[BlackElo "2027"]

1. c4 c6 2. Nc3 d5 3. cxd5 cxd5 4. d4 Nc6 5. e3 Nf6 6. Nf3 Bf5 7. a3 e6 8. Bd3
Bg6 9. O-O Bd6 10. b4 Rc8 11. Bb2 O-O 12. Bxg6 hxg6 13. Rc1 Nd7 14. Ne2 Nb6 15.
Qd3 Nc4 16. Ba1 b5 17. Ng3 a5 18. bxa5 Qxa5 19. Bc3 Qxa3 20. Ra1 Nb4 21. Qxc4
Qxa1 22. Qxc8 Qxf1+ 23. Kxf1 Rxc8 24. Bd2 Na2 25. Ke2 b4 26. Kd3 b3 27. Ne2 b2
0-1

[Event "9. Miedzynardowy Turniej Klubu Polonia Wroclaw<br/>Turniej OPEN"]
[Site "Wroclaw"]
[Date "2014-07-05"]
[Round "3.17"]
[White "Kulas, Szymon"]
[Black "Kucharska, Honorata"]
[Result "1-0"]
[WhiteTitle "I++"]
[BlackTitle "I+"]
[WhiteElo "2005"]
[BlackElo "1718"]

1. d4 d5 2. c4 e6 3. Nc3 Nf6 4. Nf3 Be7 5. Bf4 O-O 6. e3 b6 7. cxd5 exd5 8. Bd3
Bb7 9. O-O Nbd7 10. Nb5 c5 11. Nd6 Bc6 12. Nf5 c4 13. Bc2 b5 14. Ne5 Bb7 15. Qf3
g6 16. Bh6 Re8 17. Ng7 Bf8 18. Nxe8 Qxe8 19. Bxf8 Qxf8 20. Nxd7 Nxd7 21. e4 dxe4
22. Bxe4 Bxe4 23. Qxe4 Nb6 24. Rad1 Rd8 25. d5 Qc5 26. d6 Rxd6 27. Rxd6 Qxd6 28.
Qe8+ Kg7 29. Qxb5 Qd4 30. Rc1 a6 31. Qb4 a5 32. Qc3 Qxc3 33. Rxc3 a4 34. Kf1 Kf6
35. b3 axb3 36. axb3 Ke5 37. bxc4 Kd4 38. c5 Nd5 39. Rc1 Nc7 40. Rd1+ Kxc5 41.
Rd7 Ne6 42. Rxf7 Ng5 43. Ra7 Kd6 44. h4 Ne6 45. Rxh7 Ke5 46. h5 gxh5 47. Rxh5+
1-0

[Event "9. Miedzynardowy Turniej Klubu Polonia Wroclaw<br/>Turniej OPEN"]
[Site "Wroclaw"]
[Date "2014-07-05"]
[Round "3.18"]
[White "Bieniek, Kazimierz"]
[Black "Kowalczyk, Mariusz"]
[Result "0-1"]
[WhiteTitle "II"]
[BlackTitle "I"]
[WhiteElo "1636"]
[BlackElo "1987"]

1. d4 d5 2. c4 dxc4 3. Nf3 Nf6 4. Nc3 e6 5. Qa4+ Nbd7 6. Qxc4 c5 7. d5 Nb6 8. Qd3
Nbxd5 9. e3 Be7 10. Be2 O-O 11. a3 Nxc3 12. Qxc3 b6 13. O-O Bb7 14. Nd2 Ne4 15.
Qc2 Nxd2 16. Bxd2 Bf6 17. Bd3 g6 18. Rad1 Qe7 19. b4 Rfc8 20. bxc5 Qxc5 21. Qxc5
Rxc5 22. Bb4 Rd5 23. Be2 Rxd1 24. Rxd1 Rd8 25. Rxd8+ Bxd8 26. Bd6 f6 27. f3 Kf7
28. Kf1 Be7 29. Bxe7 Kxe7 30. Ke1 Kd6 31. Kd2 Kc5 32. Kc3 b5 33. g3 a5 34. f4
Bd5 35. Bd3 Bf3 36. Bc2 b4+ 37. axb4+ axb4+ 38. Kb3 Bd5+ 39. Kb2 Kc4 40. h4 f5
41. Bb3+ Kd3 0-1